Development and progress of co-operation movement in Assam special reference to its leadership (Record no. 501596)

000 -LEADER
fixed length control field 00469cam a22001337a 4500
008 - FIXED-LENGTH DATA ELEMENTS--GENERAL INFORMATION
fixed length control field 180718b1992 xxu||||| |||| 00| 0 eng d
082 ## - DEWEY DECIMAL CLASSIFICATION NUMBER
Classification number APPPA 91-92 SAM
100 ## - MAIN ENTRY--PERSONAL NAME
Personal name Samadder, C.R.
245 ## - TITLE STATEMENT
Title Development and progress of co-operation movement in Assam special reference to its leadership
Statement of responsibility, etc. by C.R. Samadder
260 ## - PUBLICATION, DISTRIBUTION, ETC.
Place of publication, distribution, etc. New Delhi
Name of publisher, distributor, etc. Indian Institute of Public Administration
Date of publication, distribution, etc. 1992
300 ## - PHYSICAL DESCRIPTION
Extent 238p.
650 ## - SUBJECT ADDED ENTRY--TOPICAL TERM
Topical term or geographic name entry element Leadership
650 ## - SUBJECT ADDED ENTRY--TOPICAL TERM
Topical term or geographic name entry element Co-operative movement-Assam
Holdings
Withdrawn status Lost status Damaged status Not for loan Permanent Location Current Location Date acquired Full call number Barcode Date last seen Price effective from Koha item type
        Indian Institute of Public Administration Indian Institute of Public Administration 2018-08-04 APPPA 91-92 SAM GR12557 2018-08-04 2018-08-04 GR

Powered by Koha